000 00680 a2200229 4500
005 20260407120156.0
008 260407b |||||||| |||| 00| 0 eng d
020 _a9781685900861 (pbk)
037 _cTB
040 _aCRL
_cCRL
041 _2eng
_aeng
084 _aYZ R5
_qCRL
100 _aMatthews, David
_9846916
245 _aClass struggle and welfare:
_bSocial policy under capitalism
260 _aNew York, India:
_bMonthly Review Press,
_c2025.
300 _a231p.
365 _b23.99
_cGBP
650 _aSocial Work
650 _aCapitalism
942 _cTB
_2CC
_hYZ R5
999 _c1464243
_d1464243